Normal view
MARC view
Entry Topical Term
001 - CONTROL NUMBER
- control field: 40541
003 - CONTROL NUMBER IDENTIFIER
- control field: OSt
005 - DATE AND TIME OF LATEST TRANSACTION
- control field: 20230914105122.0
008 - FIXED-LENGTH DATA ELEMENTS
- fixed length control field: 230914|| aca||aabn | a|a d
040 ## - CATALOGING SOURCE
- Original cataloging agency: OSt
- Transcribing agency: OSt
150 ## - HEADING--TOPICAL TERM
- Topical term or geographic name entry element: Female labour force, Women’s participation, Determining factors, Malaysia.
670 ## - SOURCE DATA FOUND
- Source citation: Work cat.: (OSt): Akhtar, R. Masud, M.M. and Rana, M.S. 40540, Labour force participation and nature of employment among women in Selangor, Malaysia
